Top 100 Rappers of All Time - Statistics

General Stats
  • This quiz has been taken 647 times
  • The average score is 18 of 100
Answer Stats
Rank Name % Correct
4 Tupac Shakur
90%
5 Eminem
87%
2 The Notorious B.I.G.
85%
13 Drake
82%
26 Kendrick Lamar
80%
17 Kanye West
75%
1 Jay-Z
73%
29 Snoop Dogg
73%
15 Dr. Dre
67%
27 Ice Cube
65%
23 Lil' Wayne
62%
3 NAS
62%
32 50 Cent
61%
45 J. Cole
43%
95 Nicki Minaj
42%
11 André 3000
38%
91 Future
34%
85 Diddy
26%
41 DMX
25%
31 LL Cool J
25%
6 Rakim
25%
21 Lauryn Hill
24%
35 Method Man
24%
34 Ludacris
23%
38 Ice-T
22%
18 Easy-E
21%
30 Ghostface Killah
20%
16 The GZA
20%
92 Lil' Kim
18%
36 Redman
18%
51 Big Boi
17%
59 Rick Ross
17%
53 Big Pun
16%
54 Busta Rhymes
16%
24 Common
16%
68 Pusha T
16%
44 T.I.
16%
52 Raekwon
15%
70 The Game
15%
9 Big Daddy Kane
13%
10 Nelly
13%
72 Ol' Dirty Bastard
13%
57 Q-Tip
13%
75 Queen Latifah
12%
19 KRS-One
11%
61 Prodigy
11%
25 Slick Rick
11%
22 Chuck D
10%
74 Fat Joe
10%
90 Gucci Mane
10%
39 Jadakiss
10%
7 Run-D.M.C.
10%
14 Scarface
10%
48 Lupe Fiasco
8%
87 E-40
7%
96 Meek Mill
7%
64 Bun B
6%
79 Childish Gambino
6%
63 Killer Mike
6%
80 Kurupt
6%
84 Macklemore
6%
43 Royce Da 5'9"
6%
50 Talib Kweli
6%
40 AZ
5%
58 Twista
5%
8 Kool G Rap
4%
67 Kool Moe Dee
4%
99 Lloyd Banks
4%
42 MC Lyte
4%
86 Pimp C
4%
66 Canibus
3%
33 Fabolous
3%
78 Guru
3%
49 Jeezy
3%
93 Mase
3%
82 Styles P
3%
71 Tech N9ne
3%
20 Yasiin Bey
3%
46 Cam'ron
2%
76 Immortal Technique
2%
81 Joe Budden
2%
56 Masta Ace
2%
97 Nipsey Hussle
2%
55 Treach
2%
47 Beanie Sigel
1%
73 Biz Markie
1%
100 Kool Keith
1%
89 Master P
1%
12 Tariq Trotter
1%
83 Brother Ali
0%
65 Eight Ball
0%
69 Gift of Gab
0%
37 Lamont Coleman
0%
98 Luther Campbell
0%
77 One Be Lo
0%
28 Pharoache Monch
0%
60 Posdnuos
0%
94 Stack Bundles
0%
88 Too $hort
0%
62 Zack De La Rocha
0%
No matching quizzes found
Score Distribution
Percent of People with Each Score
Percentile by Number Answered
Your Score History
You have not taken this quiz